| 000 | 00629nam a2200229Ia 4500 | ||
|---|---|---|---|
| 005 | 20230805090730.0 | ||
| 008 | 140110s9999 xx 000 0 und d | ||
| 020 |
_a9788185479521 _cRs.250.00 |
||
| 040 | _aLoreto College | ||
| 041 | _aEnglish | ||
| 082 |
_a909 _bCHA |
||
| 100 | _aChattopadhyay,Debiprasad | ||
| 245 |
_aPrithibir itihas _cDebiprasad Chattopadhyay and Ramakrishna Maitra |
||
| 260 |
_aKolkata _bAnustup _c2010 |
||
| 300 | _a360p | ||
| 504 | _aIncludes bibliographical references | ||
| 650 | _aWorld history | ||
| 651 | _aHistory-World | ||
| 700 | _aMaitra,Ramakrishna | ||
| 850 | _aLCLIB | ||
| 942 | _cBK | ||
| 999 |
_c37923 _d88402 |
||